Laura Marholm
| Titel: | Laura Marholm : ihr Leben und ihre Werke / von Susan Brantly. Mit einem Kommentar von Ronald Vierock. Aus dem Engl. übers. von Albert Burkhardt |
|---|---|
| Verfasser: | |
| Beteiligt: | ; |
| Ausgabe: | 1. Auflage |
| Veröffentlicht: | Berlin-Friedrichshagen : Müggel-Verlag, 2004 |
| Umfang: | 210 Seiten : Illustrationen |
| Format: | Buch |
| Sprache: | Deutsch |
| Schriftenreihe/ mehrbändiges Werk: |
Edition Friedrichshagen ; 8 |
| Einheitssachtitel: | The life and writings of Laura Marholm |
| ISBN: | 3980680592 |
| Hinweise zum Inhalt: |
Inhaltsverzeichnis
Abstract Cover |
alg: 48771567 001A $03004:15-11-21 001B $01999:22-11-24 $t21:56:45.000 001D $03004:15-11-21 001U $0utf8 001X $00 002@ $0Aau 002C $aText $btxt $2rdacontent 002D $aohne Hilfsmittel zu benutzen $bn $2rdamedia 002E $aBand $bnc $2rdacarrier 003@ $0487715675 003O $0698945831 $aOCoLC 004A $03-9806805-9-2 006C $0698945831 $aOCoLC 006L $01624996132 $2KXP 007A $0315343672 $aBSZ 007G $0DE020D339BEB4F624962DC12587C2003E682C 009P $qapplication/pdf $A2 $3Inhaltsverzeichnis $uhttp://scans.hebis.de/HEBCGI/show.pl?48771567_toc.pdf $mV:DE-603;B:DE-Mb50 009P $qapplication/pdf $A2 $3Abstract $uhttp://scans.hebis.de/HEBCGI/show.pl?48771567_sum.pdf $mV:DE-603;B:DE-Mb50 009P $qapplication/pdf $A2 $3Cover $uhttp://scans.hebis.de/HEBCGI/show.pl?48771567_cov.pdf $mV:DE-603;B:DE-Mb50 010@ $ager 010E $erda 011@ $a2004 $n2004 021A $aLaura Marholm $dihr Leben und ihre Werke $hvon Susan Brantly. Mit einem Kommentar von Ronald Vierock. Aus dem Engl. übers. von Albert Burkhardt 022A $aThe @life and writings of Laura Marholm 028A $BVerfasser $#Brantly, Susan Carol $#Brantly, Susan C. $#Brantly, Susan C. $4aut $7124236227 $8Brantly, Susan$Z1959- [Tp1] $9154964859 028C $BVerfasser einer Einleitung $4win $71162357533 $8Vierock, Ronald$Z1961- [Tp3] $9433416963 028C $BÜbersetzer $#Burkhardt, A. $4trl $7 $8Burkhardt, Albert [Tnd] $9139851364 032@ $a1. Auflage 033A $pBerlin-Friedrichshagen $nMüggel-Verlag 034D $a210 Seiten 034M $aIllustrationen 036E $aEdition Friedrichshagen $l8 044K $#Marholm, Laura Hansson- $#Hansson Marholm, Laura $#Mohr, Laura $#Hansson, Laura $#Marholm, Leonhard $#Hansson-Marholm, Laura $#Mohr, Laura $7118992996 $8Marholm, Laura$Z1854-1928 [Tp1] $9087333260 044K $RBuch $RSchriftsteller $#Literature $#Littérature $#Letteratura $#Literatura $#literature $#Literature $#Literatur $#Literatur $#Belletristik $#Dichtung Literatur $#Schöne Literatur $#Sprachkunst $#Wortkunst $74035964-5 $8Literatur [Tsz] $9085097128 044K $RAutorin $RSchriftsteller $#Women novelists $#Romancières $#Narratrici $#Dichterin $74053311-6 $8Schriftstellerin [Ts1] $9085148059 044K $#Germans Baltic States $#Allemands des Pays baltes $#Baltendeutsche $#Deutsche Baltikum $74011593-8 $8Deutschbalten [Ts1] $9085023647 044K $#Riga $#Rīga $#Ryga $#Riega $#Riga in Lieffland $#Rigae Livonum $#Rygae $#Righa $74050042-1 $8Riga [Tg1] $9085139726 045F $a809 $eDDC23BSB 045F/01 $a809 045F/03 $f09034 045F/03 $f0904 045F/03 $g479 046X $aArchivierung prüfen $c20200919 $fDE-640 $z1 lok: 48771567 24 exp: 48771567 24 1 #EPN 201B/01 $024-11-21 $t09:52:29.000 201C/01 $015-11-21 201U/01 $0utf8 203@/01 $01172921245 208@/01 $a24-11-21 $bz 209A/01 $a21.06044 $du $f050 $h21 06044 $x00 209C/01 $a21.06044 T $h21 06044 T 209G/01 $a74541844 $x00 220C/01 $ahae 247C/01 $8358050-7Marburg, Bibliothek des Herder-Instituts Marburg $9102600961
| LEADER | 00000cam a2200000 c 4500 | ||
|---|---|---|---|
| 001 | 487715675 | ||
| 003 | DE-603 | ||
| 005 | 20241122215645.0 | ||
| 007 | tu | ||
| 008 | 211115s2004 xx |||| | u00||u|ger c | ||
| 020 | |a 3980680592 | ||
| 035 | |a (DE-599)BSZ315343672 | ||
| 035 | |a (DE-627)1624996132 | ||
| 035 | |a (OCoLC)698945831 | ||
| 040 | |a DE-603 |b ger |c DE-603 |d DE-603 |e rda | ||
| 041 | |a ger | ||
| 082 | 0 | 4 | |8 1\u |a 809 |q DE-101 |2 23/BSB |
| 085 | |8 1\u |b 809 | ||
| 085 | |8 1\u |z 1 |s 09034 | ||
| 085 | |8 1\u |z 1 |s 0904 | ||
| 085 | |8 1\u |z 2 |s 479 | ||
| 100 | 1 | |a Brantly, Susan |d 1959- |e Verfasser |4 aut |0 (DE-603)154964859 |0 (DE-588)124236227 |2 gnd | |
| 240 | 1 | 0 | |a The life and writings of Laura Marholm |
| 245 | 0 | 0 | |a Laura Marholm |b ihr Leben und ihre Werke |c von Susan Brantly. Mit einem Kommentar von Ronald Vierock. Aus dem Engl. übers. von Albert Burkhardt |
| 250 | |a 1. Auflage | ||
| 264 | 1 | |a Berlin-Friedrichshagen |b Müggel-Verlag |c 2004 | |
| 300 | |a 210 Seiten |b Illustrationen | ||
| 336 | |a Text |b txt |2 rdacontent | ||
| 337 | |a ohne Hilfsmittel zu benutzen |b n |2 rdamedia | ||
| 338 | |a Band |b nc |2 rdacarrier | ||
| 490 | 0 | |a Edition Friedrichshagen |v 8 | |
| 600 | 1 | 7 | |a Marholm, Laura |d 1854-1928 |0 (DE-588)118992996 |0 (DE-603)087333260 |2 gnd |
| 650 | 7 | |a Literatur |0 (DE-588)4035964-5 |0 (DE-603)085097128 |2 gnd | |
| 650 | 7 | |a Schriftstellerin |0 (DE-588)4053311-6 |0 (DE-603)085148059 |2 gnd | |
| 650 | 7 | |a Deutschbalten |0 (DE-588)4011593-8 |0 (DE-603)085023647 |2 gnd | |
| 651 | 7 | |a Riga |0 (DE-588)4050042-1 |0 (DE-603)085139726 |2 gnd | |
| 700 | 1 | |a Vierock, Ronald |d 1961- |e Verfasser einer Einleitung |4 win |0 (DE-603)433416963 |0 (DE-588)1162357533 |2 gnd | |
| 700 | 1 | |a Burkhardt, Albert |e Übersetzer |4 trl |0 (DE-603)139851364 | |
| 856 | 4 | 2 | |m V:DE-603;B:DE-Mb50 |q application/pdf |u http://scans.hebis.de/HEBCGI/show.pl?48771567_toc.pdf |3 Inhaltsverzeichnis |
| 856 | 4 | 2 | |m V:DE-603;B:DE-Mb50 |q application/pdf |u http://scans.hebis.de/HEBCGI/show.pl?48771567_sum.pdf |3 Abstract |
| 856 | 4 | 2 | |m V:DE-603;B:DE-Mb50 |q application/pdf |u http://scans.hebis.de/HEBCGI/show.pl?48771567_cov.pdf |3 Cover |
| 924 | 0 | |9 Mb 50 |a (DE-603)1172921245 |b DE-Mb50 |c HES |d c |g 21.06044 | |


